[Event "Miedzynarodowe Mistrzostwa Malopolski"]
[Site "Krakow"]
[Date "2011.05.01"]
[Round "1"]
[White "Zadlo, Tomasz"]
[Black "Jakubiec, Artur"]
[Result "0-1"]
[WhiteElo "2077"]
[BlackElo "2535"]
[PlyCount "70"]
[EventDate "2011.??.??"]

1. e4 c5 2. c3 e5 3. Nf3 Nc6 4. Na3 Nf6 5. d3 Be7 6. Nc4 d6 7. Be2 O-O 8. O-O
Be6 9. Ne3 h6 10. Nd2 Qc7 11. Bf3 Rfe8 12. Nd5 Qd8 13. Nc4 Bf8 14. Nce3 Rc8 15.
Nf5 Bxd5 16. exd5 Ne7 17. Nxe7+ Qxe7 18. Be4 g6 19. Re1 Bg7 20. Bd2 Qd7 21. c4
b5 22. Qc1 Kh7 23. Re3 Ng8 24. Qc2 Rb8 25. Bc3 f5 26. Bf3 bxc4 27. dxc4 e4 28.
Be2 Bd4 29. Rh3 Qg7 30. Rd1 Be5 31. a3 Re7 32. b4 e3 33. Bxe5 exf2+ 34. Kxf2
Qxe5 35. b5 Rbe8 0-1

[Event "Miedzynarodowe Mistrzostwa Malopolski"]
[Site "Krakow"]
[Date "2011.05.01"]
[Round "1"]
[White "Sadzikowski, Daniel"]
[Black "Goslawski, Michal"]
[Result "1-0"]
[WhiteElo "2374"]
[BlackElo "2033"]
[PlyCount "71"]
[EventDate "2011.??.??"]

1. e4 e6 2. d4 d5 3. Nd2 Nf6 4. e5 Nfd7 5. Bd3 c5 6. c3 b6 7. Ne2 Ba6 8. Bxa6
Nxa6 9. Nf4 Nc7 10. h4 c4 11. Qg4 b5 12. a3 a5 13. Nf3 h6 14. Rh3 g6 15. Rg3
Rg8 16. Nh2 Be7 17. Rh3 b4 18. Qg3 bxa3 19. bxa3 Rb8 20. Ng4 Bf8 21. h5 g5 22.
Ne2 Rb7 23. f4 f5 24. exf6 Nxf6 25. Nxf6+ Qxf6 26. fxg5 hxg5 27. Bf4 Nb5 28.
Be5 Qf5 29. Qf3 Nxa3 30. Qxf5 exf5 31. Kd1 g4 32. Rh2 Nb5 33. h6 Rh7 34. Rxa5
Nd6 35. Ra8+ Kf7 36. Ra7+ 1-0

[Event "Miedzynarodowe Mistrzostwa Malopolski"]
[Site "Krakow"]
[Date "2011.05.01"]
[Round "1"]
[White "Kosturkiewicz, Jacek"]
[Black "Khamitskiy, Sergei"]
[Result "0-1"]
[WhiteElo "2030"]
[BlackElo "2317"]
[PlyCount "96"]
[EventDate "2011.??.??"]

1. e4 e6 2. d4 d5 3. Nc3 Bb4 4. e5 c5 5. a3 Bxc3+ 6. bxc3 Qc7 7. Nf3 Ne7 8. Be2
b6 9. O-O Ba6 10. Bxa6 Nxa6 11. Qe2 cxd4 12. cxd4 Nb8 13. a4 Nbc6 14. Ba3 Rc8
15. c3 Na5 16. Rfc1 O-O 17. Rc2 Rfe8 18. Nd2 Nf5 19. Raa2 Nc4 20. Nxc4 Qxc4 21.
Qxc4 Rxc4 22. Bc1 Rec8 23. Be3 Rxc3 24. Rxc3 Rxc3 25. Kf1 Rc4 26. a5 b5 27. a6
h6 28. Rb2 b4 29. Bd2 Nxd4 30. Rxb4 Rxb4 31. Bxb4 Nb5 32. Ke2 f6 33. f4 Kf7 34.
g4 fxe5 35. fxe5 g6 36. h4 h5 37. Kf3 Nd4+ 38. Kf4 Nc6 39. Bd6 hxg4 40. Kxg4 d4
41. Kf4 Kg7 42. Ke4 Kh6 43. Bc5 Kh5 44. Bxa7 Nxa7 45. Kxd4 Kxh4 46. Kc5 g5 47.
Kb6 g4 48. Kxa7 g3 0-1

[Event "Miedzynarodowe Mistrzostwa Malopolski"]
[Site "Krakow"]
[Date "2011.05.01"]
[Round "1"]
[White "Kaim, Piotr"]
[Black "Sanetra, Szymon"]
[Result "1-0"]
[WhiteElo "2285"]
[BlackElo "2028"]
[PlyCount "49"]
[EventDate "2011.??.??"]

1. d4 d5 2. c4 e6 3. Nc3 Nf6 4. cxd5 exd5 5. Bg5 Be7 6. e3 O-O 7. Bd3 Nbd7 8.
Qc2 Re8 9. Nge2 c6 10. Ng3 c5 11. Nf5 cxd4 12. Nxd4 Nc5 13. O-O Nfe4 14. Bxe7
Rxe7 15. Nxe4 Nxe4 16. Rad1 Bd7 17. Qb3 Bc6 18. Qb4 Qe8 19. Rc1 g6 20. Rc2 Rb8
21. Rfc1 Re5 22. Qa3 Rc8 23. Bb5 Kg7 24. Bxc6 bxc6 25. Nxc6 1-0

[Event "Miedzynarodowe Mistrzostwa Malopolski"]
[Site "Krakow"]
[Date "2011.05.01"]
[Round "1"]
[White "Wierzbicka, Wiktoria"]
[Black "Barski, Radoslaw"]
[Result "0-1"]
[WhiteElo "2026"]
[BlackElo "2284"]
[PlyCount "62"]
[EventDate "2011.??.??"]

1. e4 e6 2. d3 d5 3. Nd2 Nf6 4. Ngf3 b6 5. g3 dxe4 6. dxe4 Bb7 7. Qe2 Bc5 8.
Bh3 a5 9. O-O Ba6 10. c4 Nc6 11. e5 Nd7 12. Ne4 h6 13. Nxc5 Nxc5 14. Rd1 Qe7
15. Be3 Rd8 16. Rxd8+ Kxd8 17. Nd4 Nxd4 18. Bxd4 Kc8 19. Bxc5 Qxc5 20. Qf3 Bb7
21. Qxf7 Rf8 22. Qxe6+ Kb8 23. Rf1 Bc8 24. Qd5 Bxh3 25. Qxc5 bxc5 26. Rd1 Be6
27. h4 g5 28. h5 g4 29. Rd3 Rf5 30. Ra3 Rxh5 31. Rxa5 Rxe5 0-1

[Event "Miedzynarodowe Mistrzostwa Malopolski"]
[Site "Krakow"]
[Date "2011.05.01"]
[Round "1"]
[White "Gbyl, Andrzej"]
[Black "Bednarczyk, Damian"]
[Result "0-1"]
[WhiteElo "2244"]
[BlackElo "2002"]
[PlyCount "68"]
[EventDate "2011.??.??"]

1. d4 d5 2. c4 c6 3. Nc3 e6 4. e3 Nf6 5. Nf3 Nbd7 6. Qc2 Bd6 7. Bd3 dxc4 8.
Bxc4 b5 9. Bd3 Bb7 10. O-O O-O 11. e4 e5 12. d5 Rc8 13. dxc6 Bxc6 14. Qb1 a6
15. a4 b4 16. Nd5 Bxd5 17. exd5 Nc5 18. Bf5 Rc7 19. Be3 g6 20. Bh3 Nxd5 21. Bg5
f6 22. Qd1 Qa8 23. Bh6 Rd8 24. Qe2 Bf8 25. Be3 Nxe3 26. fxe3 Qe4 27. Rad1 Rd3
28. Rde1 Bh6 29. Kh1 Rxe3 30. Qd2 Nd3 31. Rc1 Rxc1 32. Rxc1 Re1+ 33. Rxe1 Bxd2
34. Rxe4 Nf2+ 0-1

[Event "Miedzynarodowe Mistrzostwa Malopolski"]
[Site "Krakow"]
[Date "2011.05.01"]
[Round "1"]
[White "Szewczyk, Grzegorz"]
[Black "Swiech, Przemyslaw"]
[Result "1/2-1/2"]
[WhiteElo "2000"]
[BlackElo "2219"]
[PlyCount "45"]
[EventDate "2011.??.??"]

1. d4 Nf6 2. Nf3 e6 3. c4 c5 4. d5 exd5 5. cxd5 d6 6. Nc3 g6 7. e4 Bg7 8. Nd2
O-O 9. Bd3 Na6 10. O-O Nc7 11. Re1 a6 12. a4 b6 13. Nc4 Rb8 14. Bf4 b5 15. axb5
axb5 16. Nxd6 Nh5 17. Nxc8 Nxf4 18. Na7 Qg5 19. g3 Nh3+ 20. Kg2 Nf4+ 21. Kg1
Nh3+ 22. Kg2 Nf4+ 23. Kg1 1/2-1/2

[Event "Miedzynarodowe Mistrzostwa Malopolski"]
[Site "Krakow"]
[Date "2011.05.01"]
[Round "1"]
[White "Jakubiec, Edyta"]
[Black "Kawula, Andrzej"]
[Result "0-1"]
[WhiteElo "2206"]
[BlackElo "1989"]
[PlyCount "99"]
[EventDate "2011.??.??"]

1. e4 e6 2. d4 d5 3. Nd2 Nf6 4. f4 Nfd7 5. e5 c5 6. c3 Nc6 7. Ne2 f5 8. Nf3 Be7
9. Rg1 g6 10. Be3 Qb6 11. b3 cxd4 12. cxd4 Qa5+ 13. Kf2 Nf8 14. g4 fxg4 15.
Rxg4 Bd7 16. Bd2 Bb4 17. Bc1 Rc8 18. a3 Be7 19. Kg1 Nd8 20. Bd2 Qb6 21. Nc3 Nf7
22. b4 Nh6 23. Rg2 Nf5 24. Na4 Bxa4 25. Qxa4+ Kf7 26. Kh1 a6 27. b5 axb5 28.
Bxb5 Qd8 29. Ba5 b6 30. Bb4 h6 31. Rc2 Ra8 32. Qb3 g5 33. Bxe7 Qxe7 34. Bd3 Ne3
35. Rc6 g4 36. Ne1 Nd7 37. Be2 Nf5 38. Nc2 h5 39. Rd1 Rac8 40. Nb4 Rxc6 41.
Nxc6 Qh4 42. Kg2 Rg8 43. Rf1 Rc8 44. Bb5 Nb8 45. Nxb8 Rc2+ 46. Qxc2 Ne3+ 47.
Kg1 Nxc2 48. f5 exf5 49. Rxf5+ Kg7 50. Nc6 0-1

[Event "Miedzynarodowe Mistrzostwa Malopolski"]
[Site "Krakow"]
[Date "2011.05.01"]
[Round "1"]
[White "Lach, Piotr"]
[Black "Blasiak, Miroslaw"]
[Result "1-0"]
[WhiteElo "2176"]
[BlackElo "1957"]
[PlyCount "97"]
[EventDate "2011.??.??"]

1. e4 e5 2. Nf3 Nc6 3. Bc4 Nf6 4. d3 Be7 5. O-O O-O 6. Bb3 d6 7. c3 Na5 8. Bc2
c5 9. Nbd2 a6 10. Re1 b5 11. Nf1 Nc6 12. Qe2 h6 13. Ne3 Re8 14. Nd5 Be6 15. c4
Nd4 16. Nxd4 cxd4 17. a4 Nxd5 18. cxd5 Bd7 19. axb5 axb5 20. Bd2 f5 21. f4 Bf8
22. Qf3 fxe4 23. dxe4 Qh4 24. f5 Qf6 25. Bd3 Qd8 26. Qh5 Qf6 27. Qe2 Rab8 28.
Ra7 Re7 29. Rea1 Be8 30. Bb4 Reb7 31. Rxb7 Rxb7 32. Ra8 Qf7 33. h3 Kh7 34. b3
Be7 35. Ra5 Bg5 36. g3 Be3+ 37. Kg2 Qc7 38. Qf1 Qb6 39. Qa1 Qc7 40. Ra6 Rb6 41.
Ra7 Qc8 42. f6 Rb7 43. Ra8 Rb8 44. Qa7 Bd7 45. Qxb8 Bxh3+ 46. Kh2 Qc1 47. Qh8+
Kg6 48. Qxg7+ Kh5 49. Qf7+ 1-0

[Event "Miedzynarodowe Mistrzostwa Malopolski"]
[Site "?"]
[Date "2011.05.01"]
[Round "1"]
[White "Suliborski, Jakub"]
[Black "Kumor, Lukasz"]
[Result "1-0"]
[WhiteElo "1902"]
[BlackElo "2165"]
[PlyCount "125"]
[EventDate "2011.05.01"]
[SourceDate "2011.05.01"]

1. e4 e6 2. d4 d5 3. Nc3 Nf6 4. Bg5 Be7 5. e5 Nfd7 6. h4 Nc6 7. Nf3 O-O 8. Bd3
f6 9. Bf4 fxe5 10. Bxe5 Ndxe5 11. dxe5 Nb4 12. Bxh7+ Kxh7 13. Ng5+ Kh6 14. Qd2
Bxg5 15. hxg5+ Kg6 16. Ne2 a5 17. a3 Nc6 18. Qd3+ Kf7 19. f4 Rh8 20. g6+ Ke7
21. Rh7 Rxh7 22. gxh7 Bd7 23. O-O-O Qh8 24. Rh1 Rf8 25. g4 Be8 26. c4 dxc4 27.
Qxc4 Bg6 28. Qc5+ Ke8 29. Qb5 Be4 30. Rh2 Bxh7 31. Qxb7 Nd8 32. Qxc7 Qg8 33.
Nc3 Rf7 34. Qc4 g5 35. Nb5 Rxf4 36. Nd6+ Kf8 37. Qc8 Kg7 38. Qd7+ Kg6 39. Ne8
Rf1+ 40. Kd2 Rf8 41. Qd3+ Kf7 42. Rxh7+ Qxh7 43. Qxh7+ Kxe8 44. Qg6+ Kd7 45.
Qxg5 Rf2+ 46. Kc3 Nc6 47. Qe3 Rh2 48. Qd3+ Kc7 49. Qd6+ Kb7 50. Qd7+ Kb6 51.
Qxe6 Kb5 52. Qd5+ Kb6 53. e6 Re2 54. Kd3 Re1 55. Kd2 Re5 56. Qd6 Kb7 57. b3 Re4
58. g5 a4 59. b4 Re5 60. g6 Rg5 61. e7 Rg2+ 62. Ke1 Rg1+ 63. Kf2 1-0

[Event "Miedzynarodowe Mistrzostwa Malopolski"]
[Site "?"]
[Date "2011.05.01"]
[Round "1"]
[White "Watorek, Marcin"]
[Black "Zaboklicki, Zbigniew"]
[Result "1-0"]
[WhiteElo "2104"]
[BlackElo "1898"]
[PlyCount "51"]
[EventDate "2011.05.01"]
[SourceDate "2011.05.01"]

1. d4 Nf6 2. Nf3 e6 3. c4 b6 4. a3 Bb7 5. Nc3 Be7 6. Bf4 O-O 7. e3 d5 8. Bd3 c5
9. O-O Nc6 10. cxd5 exd5 11. Qc2 cxd4 12. exd4 h6 13. Rfe1 Bd6 14. Be5 Na5 15.
Nb5 Bxe5 16. dxe5 Ne4 17. Nfd4 Rc8 18. Qe2 a6 19. Bxe4 axb5 20. Bf5 Rc4 21. e6
Qf6 22. e7 Re8 23. Bd7 Rxe7 24. Qxe7 Qxe7 25. Rxe7 Rxd4 26. Bxb5 1-0

[Event "Miedzynarodowe Mistrzostwa Malopolski"]
[Site "Krakow"]
[Date "2011.05.02"]
[Round "2"]
[White "Jakubiec, Artur"]
[Black "Lach, Piotr"]
[Result "1-0"]
[WhiteElo "2535"]
[BlackElo "2176"]
[PlyCount "121"]
[EventDate "2011.??.??"]

1. d4 f5 2. c4 Nf6 3. Nc3 g6 4. h4 Bg7 5. h5 Nxh5 6. e4 e6 7. Rxh5 gxh5 8.
Qxh5+ Kf8 9. Nf3 Qf6 10. Bg5 Qf7 11. Qh4 Nc6 12. O-O-O h6 13. Be3 d6 14. e5 d5
15. Bd3 Bd7 16. g4 f4 17. Bd2 Nb4 18. Bb1 dxc4 19. Ne4 Nd5 20. Qh2 b6 21. Nh4
Ke7 22. Nc3 Kd8 23. Bg6 Qg8 24. Be4 Be8 25. Bxf4 c6 26. Bd2 Bf8 27. Rg1 Be7 28.
f4 Kc7 29. Nf3 Kb7 30. f5 Bg5 31. Nxg5 hxg5 32. Qg2 Bf7 33. Bf3 Nb4 34. Nb5 Nd5
35. Nd6+ Kc7 36. Qe2 b5 37. Bxd5 cxd5 38. Ba5+ Kd7 39. Qd2 c3 40. bxc3 a6 41.
Qb2 Rc8 42. Nxc8 Qxc8 43. Qb4 Qc6 44. Rf1 exf5 45. gxf5 g4 46. Qc5 Qxc5 47. e6+
Kc6 48. dxc5 Bh5 49. f6 g3 50. f7 g2 51. Rg1 Bxf7 52. exf7 Rf8 53. Rxg2 Rxf7
54. Bb6 b4 55. cxb4 Kb5 56. Rc2 d4 57. Rd2 Rf4 58. Kc2 Kxb4 59. c6 Kb5 60. c7
Rf8 61. Bxd4 1-0

[Event "Miedzynarodowe Mistrzostwa Malopolski"]
[Site "Krakow"]
[Date "2011.05.02"]
[Round "2"]
[White "Bednarczyk, Damian"]
[Black "Sadzikowski, Daniel"]
[Result "0-1"]
[WhiteElo "2002"]
[BlackElo "2374"]
[PlyCount "114"]
[EventDate "2011.??.??"]

1. d4 g6 2. c4 Bg7 3. Nc3 d6 4. Nf3 Nf6 5. g3 O-O 6. Bg2 Nc6 7. O-O Bg4 8. h3
Bxf3 9. Bxf3 Nd7 10. e3 e5 11. d5 Ne7 12. e4 f5 13. Rb1 a5 14. a3 Nf6 15. b4
axb4 16. axb4 Qd7 17. Kh2 fxe4 18. Nxe4 Nxe4 19. Bxe4 Nf5 20. Qg4 Ra2 21. h4
Qf7 22. Kg1 Nd4 23. Rb2 Rxb2 24. Bxb2 Nf3+ 25. Bxf3 Qxf3 26. Qxf3 Rxf3 27. Ra1
Rb3 28. Ra8+ Kf7 29. Ba3 e4 30. c5 Bd4 31. Ra7 Ke8 32. Kg2 Kd7 33. g4 Rf3 34.
Bc1 Rxf2+ 35. Kg3 Rf3+ 36. Kg2 Rf2+ 37. Kg3 Rf1 38. Bg5 e3 39. Ra8 Bf6 40. Bxe3
Be5+ 41. Kg2 Rd1 42. Kf3 Rxd5 43. Ke4 Rd1 44. Rf8 Rh1 45. Rf7+ Ke6 46. Rxh7 Rh3
47. cxd6 cxd6 48. Rxb7 d5+ 49. Kd3 Bf4 50. Rb6+ Ke5 51. Rxg6 Bxe3 52. b5 Bd4+
53. Kc2 Rxh4 54. Rg8 Rh2+ 55. Kd3 Rh3+ 56. Kc2 Rc3+ 57. Kd2 Rb3 0-1

[Event "Miedzynarodowe Mistrzostwa Malopolski"]
[Site "Krakow"]
[Date "2011.05.02"]
[Round "2"]
[White "Khamitskiy, Sergei"]
[Black "Watorek, Marcin"]
[Result "1-0"]
[WhiteElo "2317"]
[BlackElo "2104"]
[PlyCount "75"]
[EventDate "2011.??.??"]

1. d4 d5 2. c4 c6 3. Nc3 Nf6 4. Nf3 dxc4 5. e3 b5 6. a4 b4 7. Na2 e6 8. Bxc4
Nbd7 9. O-O Be7 10. Qe2 O-O 11. Bd2 a5 12. Nc1 Bb7 13. Rd1 Qb6 14. Nb3 c5 15.
Be1 cxd4 16. Nfxd4 Rac8 17. f3 Bd5 18. Bxd5 Nxd5 19. Bf2 Nc5 20. e4 Nf4 21. Qb5
Qxb5 22. axb5 Nxb3 23. Nxb3 Rc2 24. b6 Rxb2 25. Nxa5 Rxf2 26. Kxf2 Bc5+ 27. Kf1
Bxb6 28. Nc6 f5 29. Ra6 Bc5 30. Ra5 Be3 31. exf5 exf5 32. Rxf5 Rxf5 33. Ne7+
Kf7 34. Nxf5 Bc5 35. g3 Ne6 36. Nd6+ Ke7 37. Ne4 Bd4 38. Rb1 1-0

[Event "Miedzynarodowe Mistrzostwa Malopolski"]
[Site "Krakow"]
[Date "2011.05.02"]
[Round "2"]
[White "Kawula, Andrzej"]
[Black "Kaim, Piotr"]
[Result "1-0"]
[WhiteElo "1989"]
[BlackElo "2285"]
[PlyCount "163"]
[EventDate "2011.??.??"]

1. c4 c5 2. Nc3 Nc6 3. g3 g6 4. Bg2 Bg7 5. e4 d6 6. Nge2 h5 7. h4 Nf6 8. d3 O-O
9. O-O Bd7 10. Nd5 Rb8 11. Nec3 a6 12. Nxf6+ Bxf6 13. Bh6 Bg7 14. Qd2 Bxh6 15.
Qxh6 Ne5 16. Rad1 b5 17. b3 Bg4 18. f3 Be6 19. Qd2 f6 20. f4 Ng4 21. f5 Bf7 22.
fxg6 Bxg6 23. Nd5 Kh7 24. Bh3 e6 25. Nf4 Qe8 26. Bxg4 hxg4 27. Rde1 Rg8 28. Ng2
Qe7 29. Qf4 Rg7 30. Qxf6 Qxf6 31. Rxf6 Re7 32. Rf4 Rbb7 33. Rxg4 bxc4 34. dxc4
a5 35. Nf4 Bf7 36. Nh3 Bh5 37. Rg5 Be8 38. Rd1 a4 39. Rd3 Bg6 40. Re3 axb3 41.
axb3 Ra7 42. Nf4 Ra1+ 43. Kh2 Be8 44. g4 Bc6 45. Kg3 Rg1+ 46. Kf2 Rd1 47. Ke2
Rd4 48. Nh5 Rf7 49. e5 dxe5 50. Rgxe5 Rxg4 51. Rxe6 Rg2+ 52. Kd3 Bd7 53. Nf6+
Kg7 54. Nxd7 Rxd7+ 55. Ke4 Rg4+ 56. Kf5 Rxh4 57. Re7+ Rxe7 58. Rxe7+ Kf8 59.
Rb7 Ke8 60. Ke6 Kd8 61. Kd6 Kc8 62. Rc7+ Kb8 63. Rxc5 Rh3 64. Rb5+ Ka7 65. Kc5
Ka6 66. Kb4 Rh1 67. Rg5 Rh3 68. Rg6+ Kb7 69. Ka4 Rc3 70. Kb4 Rh3 71. c5 Rf3 72.
Ka4 Rf4+ 73. b4 Rh4 74. Kb5 Kb8 75. Rg7 Rf4 76. Ka5 Rc4 77. Kb5 Rh4 78. c6 Rf4
79. Kc5 Rh4 80. b5 Rh5+ 81. Kb6 Rh8 82. Ka6 1-0

[Event "Miedzynarodowe Mistrzostwa Malopolski"]
[Site "Krakow"]
[Date "2011.05.02"]
[Round "2"]
[White "Barski, Radoslaw"]
[Black "Suliborski, Jakub"]
[Result "1-0"]
[WhiteElo "2284"]
[BlackElo "1902"]
[PlyCount "103"]
[EventDate "2011.??.??"]

1. e4 e6 2. d4 d5 3. Nd2 Nf6 4. e5 Nfd7 5. f4 c5 6. c3 Nc6 7. Ndf3 Qb6 8. a3 f6
9. b4 cxd4 10. cxd4 Be7 11. Bd3 a6 12. Ne2 f5 13. Rg1 Nf8 14. g4 g6 15. Be3 Bd7
16. Kf2 Nd8 17. Nc3 Nf7 18. h3 Rc8 19. Qb3 Bb5 20. Nxb5 axb5 21. Rgc1 Rc4 22.
Bxc4 bxc4 23. Qa4+ Nd7 24. Nd2 Nd8 25. Nxc4 dxc4 26. d5 Qa6 27. Qxa6 bxa6 28.
d6 Bh4+ 29. Kf3 g5 30. gxf5 gxf4 31. Bxf4 Nc6 32. Kg4 Bf2 33. fxe6 Ndxe5+ 34.
Bxe5 Nxe5+ 35. Kf5 Ng6 36. Rxc4 O-O+ 37. Kg5 Be3+ 38. Kh5 Rf5+ 39. Kg4 Rg5+ 40.
Kf3 Ne5+ 41. Kxe3 Nxc4+ 42. Kf4 Rd5 43. Rg1+ Kf8 44. e7+ Kf7 45. Rg7+ Kxg7 46.
e8=Q Nxd6 47. Qc6 Rf5+ 48. Kg4 Rf6 49. Qxa6 Rg6+ 50. Kf3 Rf6+ 51. Ke2 Re6+ 52.
Kd3 1-0

[Event "Miedzynarodowe Mistrzostwa Malopolski"]
[Site "Krakow"]
[Date "2011.05.02"]
[Round "2"]
[White "Swiech, Przemyslaw"]
[Black "Gbyl, Andrzej"]
[Result "1/2-1/2"]
[WhiteElo "2219"]
[BlackElo "2244"]
[PlyCount "68"]
[EventDate "2011.??.??"]

1. d4 d5 2. c4 c6 3. Nc3 dxc4 4. a4 e5 5. dxe5 Qxd1+ 6. Nxd1 Na6 7. e4 Be6 8.
Be3 f6 9. f4 fxe5 10. f5 Bf7 11. Nf3 Bb4+ 12. Nc3 Nf6 13. Nxe5 Bh5 14. Bxc4
Nxe4 15. Rc1 Nc7 16. O-O Nxc3 17. bxc3 Bd6 18. Rce1 Nd5 19. Bg5 O-O 20. f6 gxf6
21. Bxf6 Rae8 22. Nd7 Rxe1 23. Rxe1 Re8 24. Ne5 Bf7 25. Re4 Nxf6 26. Bxf7+ Kf8
27. Nd7+ Nxd7 28. Bxe8 Nf6 29. Bxc6 bxc6 30. Re6 Ne8 31. g4 Kf7 32. Rh6 Kg7 33.
Re6 Kf7 34. Rh6 Kg7 1/2-1/2

[Event "Miedzynarodowe Mistrzostwa Malopolski"]
[Site "Krakow"]
[Date "2011.05.02"]
[Round "2"]
[White "Kumor, Lukasz"]
[Black "Szewczyk, Grzegorz"]
[Result "0-1"]
[WhiteElo "2165"]
[BlackElo "2000"]
[PlyCount "72"]
[EventDate "2011.??.??"]

1. e4 c6 2. d4 d5 3. exd5 cxd5 4. c4 Nf6 5. Nf3 Nc6 6. Nc3 Bg4 7. Be3 e6 8. h3
Bxf3 9. Qxf3 Bb4 10. Qd1 O-O 11. a3 Bxc3+ 12. bxc3 Qa5 13. Qb3 e5 14. dxe5 Nxe5
15. Qb4 Qc7 16. c5 Rfe8 17. Be2 Nc6 18. Qf4 Qxf4 19. Bxf4 d4 20. Rd1 Nd5 21. g3
Nxc3 22. Rd2 d3 23. Rxd3 Nxe2 24. Be3 Ned4 25. Kd2 Rad8 26. Rb1 Re7 27. Kc3 Nf5
28. Bf4 Rxd3+ 29. Kxd3 f6 30. g4 Rd7+ 31. Kc3 Nfd4 32. Bd6 Kf7 33. Kc4 Nf3 34.
Kd5 Ne7+ 35. Kc4 Nd2+ 36. Kc3 Nxb1+ 0-1

[Event "Miedzynarodowe Mistrzostwa Malopolski"]
[Site "Krakow"]
[Date "2011.05.02"]
[Round "2"]
[White "Sanetra, Szymon"]
[Black "Jakubiec, Edyta"]
[Result "1-0"]
[WhiteElo "2028"]
[BlackElo "2206"]
[PlyCount "111"]
[EventDate "2011.??.??"]

1. d4 f5 2. g3 Nf6 3. Bg2 g6 4. Nh3 Bg7 5. c4 Nc6 6. d5 Ne5 7. Qc2 O-O 8. O-O
Nf7 9. Rd1 Qe8 10. Nc3 a6 11. Nf4 Rb8 12. e4 e5 13. dxe6 dxe6 14. Be3 Ne5 15.
Qb3 Nfg4 16. Ba7 Ra8 17. Bc5 Rf7 18. h3 Nf6 19. Nd3 Nxd3 20. Rxd3 f4 21. gxf4
Nh5 22. Rad1 Bd7 23. Qxb7 Rc8 24. Be3 Bf8 25. e5 Rb8 26. Qxa6 Rxb2 27. Ne4 Bc8
28. Qa8 Be7 29. Bc5 Rf8 30. Qa3 Bxc5 31. Qxb2 Be7 32. Nf6+ Nxf6 33. exf6 Bxf6
34. Qb5 Qf7 35. a4 Be7 36. a5 Bd6 37. Rd4 Bd7 38. Qb2 e5 39. fxe5 Bxe5 40. Bd5
Be6 41. Qe2 Bxd5 42. Rxd5 Bd6 43. c5 Re8 44. Qb5 Bh2+ 45. Kf1 c6 46. Qxc6 Rf8
47. R5d2 Kh8 48. Qd5 Qf6 49. Re2 Qa6 50. Qd4+ Kg8 51. Qd5+ Kh8 52. Qd4+ Kg8 53.
Qd7 Qxa5 54. Qe6+ Kh8 55. Qe7 Qa8 56. c6 1-0

[Event "Miedzynarodowe Mistrzostwa Malopolski"]
[Site "Krakow"]
[Date "2011.05.02"]
[Round "2"]
[White "Blasiak, Miroslaw"]
[Black "Zadlo, Tomasz"]
[Result "1-0"]
[WhiteElo "1957"]
[BlackElo "2077"]
[PlyCount "43"]
[EventDate "2011.??.??"]

1. e4 c5 2. Nf3 d6 3. d4 cxd4 4. Nxd4 Nf6 5. Nc3 a6 6. Bg5 e6 7. f4 Qb6 8. Nb3
Be7 9. Qf3 Nbd7 10. O-O-O Qc7 11. Bd3 b5 12. Rhe1 Bb7 13. Qg3 b4 14. Nd5 Bxd5
15. exd5 Nxd5 16. Bxe7 Nxe7 17. Qxg7 Rg8 18. Qxh7 a5 19. Nd4 a4 20. Nxe6 fxe6
21. Rxe6 O-O-O 22. Rxe7 1-0

[Event "Miedzynarodowe Mistrzostwa Malopolski"]
[Site "?"]
[Date "2011.05.02"]
[Round "2"]
[White "Goslawski, Michal"]
[Black "Wierzbicka, Wiktoria"]
[Result "1-0"]
[WhiteElo "2033"]
[BlackElo "2026"]
[PlyCount "103"]
[EventDate "2011.05.01"]
[SourceDate "2011.05.02"]

1. Nf3 c5 2. c4 Nf6 3. g3 Nc6 4. Bg2 e6 5. O-O d5 6. d4 dxc4 7. dxc5 Qxd1 8.
Rxd1 Bxc5 9. Nbd2 Ng4 10. Ne4 Be7 11. h3 Nf6 12. Nfd2 Na5 13. Nxf6+ Bxf6 14.
Ne4 Be7 15. Bd2 Nc6 16. Bc3 O-O 17. Nd6 Bxd6 18. Rxd6 Ne7 19. Rad1 Nd5 20. Bxd5
exd5 21. R1xd5 Bxh3 22. g4 f6 23. f3 g6 24. Bxf6 Rae8 25. Kh2 Bf1 26. e4 Bd3
27. e5 h6 28. Rd7 Rf7 29. Rxf7 Kxf7 30. Rd7+ Ke6 31. Rxb7 a5 32. Rb6+ Kf7 33.
Kg3 a4 34. Ra6 Rb8 35. g5 hxg5 36. Bxg5 Bf5 37. Rf6+ Ke8 38. Rc6 Rc8 39. Ra6
Rb8 40. e6 a3 41. bxa3 Rc8 42. Kf4 c3 43. Ke5 c2 44. Kf6 Kd8 45. Kf7+ Kc7 46.
Ra5 Kd6 47. Be7+ Kc6 48. Rc5+ Kb7 49. Rxc8 Kxc8 50. Bg5 Kc7 51. e7 Bd7 52. e8=Q
1-0

[Event "Miedzynarodowe Mistrzostwa Malopolski"]
[Site "?"]
[Date "2011.05.02"]
[Round "2"]
[White "Zaboklicki, Zbigniew"]
[Black "Kosturkiewicz, Jacek"]
[Result "1/2-1/2"]
[WhiteElo "1898"]
[BlackElo "2030"]
[PlyCount "55"]
[EventDate "2011.05.01"]
[SourceDate "2011.05.02"]

1. Nf3 Nf6 2. d4 b6 3. g3 Bb7 4. Bg2 e6 5. O-O c5 6. c3 Be7 7. Nbd2 O-O 8. Re1
cxd4 9. cxd4 d5 10. Ne5 Nc6 11. Nxc6 Bxc6 12. Nf3 Nd7 13. Bf4 b5 14. Ne5 Nxe5
15. dxe5 Bc5 16. Rc1 Qb6 17. e3 Rac8 18. Qg4 Kh8 19. Bg5 d4 20. Bxc6 dxe3 21.
Bxe3 Bxe3 22. Rxe3 Rxc6 23. Rf1 Rfc8 24. Qf4 Kg8 25. Rd3 Rc4 26. Qf3 Qc7 27.
Rfd1 Rc1 28. Kg2 1/2-1/2

[Event "Miedzynarodowe Mistrzostwa Malopolski"]
[Site "Krakow"]
[Date "2011.05.03"]
[Round "3"]
[White "Barski, Radoslaw"]
[Black "Jakubiec, Artur"]
[Result "1/2-1/2"]
[WhiteElo "2284"]
[BlackElo "2535"]
[PlyCount "63"]
[EventDate "2011.??.??"]

1. e4 c5 2. Nf3 Nc6 3. Bb5 g6 4. O-O Bg7 5. Bxc6 bxc6 6. c3 Nf6 7. Re1 O-O 8.
d4 cxd4 9. cxd4 d5 10. e5 Ne4 11. Nbd2 c5 12. dxc5 Nxc5 13. Nb3 Nxb3 14. Qxb3
Bg4 15. Nd4 Qb6 16. Qxb6 axb6 17. b3 Rfc8 18. Bb2 Bd7 19. a4 Bh6 20. Bc1 Bg7
21. Bb2 e6 22. Ba3 Rc3 23. Bd6 Bh6 24. Rad1 Rac8 25. Bb4 R3c7 26. g3 Bf8 27.
Bxf8 Kxf8 28. Kf1 Bc6 29. Ke2 Bd7 30. Kd2 Ke7 31. Rc1 Rc5 32. Red1 1/2-1/2

[Event "Miedzynarodowe Mistrzostwa Malopolski"]
[Site "Krakow"]
[Date "2011.05.03"]
[Round "3"]
[White "Sadzikowski, Daniel"]
[Black "Szuper, Paul"]
[Result "1/2-1/2"]
[WhiteElo "2374"]
[BlackElo "2184"]
[PlyCount "29"]
[EventDate "2011.??.??"]

1. d4 d5 2. c4 c6 3. Nf3 Nf6 4. Nc3 a6 5. a4 e6 6. e3 a5 7. Bd3 g6 8. O-O Bg7
9. e4 dxe4 10. Bxe4 O-O 11. h3 Nbd7 12. Bf4 Re8 13. c5 Nd5 14. Bd6 b6 15. Rc1
1/2-1/2

[Event "Miedzynarodowe Mistrzostwa Malopolski"]
[Site "Krakow"]
[Date "2011.05.03"]
[Round "3"]
[White "Kawula, Andrzej"]
[Black "Khamitskiy, Sergei"]
[Result "0-1"]
[WhiteElo "1989"]
[BlackElo "2317"]
[PlyCount "120"]
[EventDate "2011.??.??"]

1. c4 c5 2. Nc3 Nf6 3. e4 Nc6 4. Nf3 d6 5. d4 cxd4 6. Nxd4 g6 7. Be2 Bg7 8. Be3
O-O 9. O-O a6 10. Qd2 Bd7 11. Rad1 Kh8 12. Bh6 Qa5 13. Nb3 Qb4 14. Bxg7+ Kxg7
15. Nd5 Qxd2 16. Nxd2 Be6 17. f4 Nd4 18. Bd3 Bxd5 19. exd5 b5 20. Rfe1 Rfe8 21.
b3 Kf8 22. Ne4 Nxe4 23. Bxe4 Nf5 24. g4 Ng7 25. Bf3 bxc4 26. bxc4 Rec8 27. Be2
Rab8 28. Rb1 Ne8 29. Rb3 Rxb3 30. axb3 Rb8 31. Rb1 Nf6 32. b4 Ne4 33. Bd3 Nf6
34. h3 h6 35. Kf2 g5 36. Ke3 Nd7 37. fxg5 hxg5 38. Kd4 e5+ 39. dxe6 fxe6 40. b5
axb5 41. cxb5 Ke7 42. Be2 Rf8 43. Ke3 d5 44. Rc1 Ra8 45. Bf1 Ra3+ 46. Kf2 Kd6
47. Rc6+ Ke5 48. Rc7 Nf6 49. Bg2 Rb3 50. Rg7 Rb2+ 51. Kg1 Ne4 52. Bf1 d4 53.
Bd3 Kf4 54. Re7 e5 55. Rf7+ Ke3 56. Bf1 Ng3 57. Bc4 e4 58. b6 d3 59. b7 d2 60.
Rd7 Rxb7 0-1

[Event "Miedzynarodowe Mistrzostwa Malopolski"]
[Site "Krakow"]
[Date "2011.05.03"]
[Round "3"]
[White "Szewczyk, Grzegorz"]
[Black "Goslawski, Michal"]
[Result "1/2-1/2"]
[WhiteElo "2000"]
[BlackElo "2033"]
[PlyCount "49"]

1. d4 Nf6 2. Nf3 e6 3. c4 d5 4. Nc3 c5 5. cxd5 Nxd5 6. e4 Nxc3 7. bxc3 cxd4 8.
cxd4 Bb4+ 9. Bd2 Bxd2+ 10. Qxd2 O-O 11. Bc4 Nd7 12. O-O b6 13. Rad1 Bb7 14.
Rfe1 Rc8 15. Bd3 Re8 16. Qb2 a6 17. a4 Qc7 18. Rb1 Qc3 19. Qe2 Qa5 20. Ra1 h6
21. Nd2 Qc3 22. Nf3 Qa5 23. Nd2 Qc3 24. Nf3 Qa5 25. Nd2 1/2-1/2